Kombinovaná doprava na Slovensku dosiaľ v plienkach

Kombinácia cesta-železnica-voda - perspektíva medzinárodnej prepravy tovarov. Koncepcia rozvoja kombinovanej dopravy na Slovensku. Situácia v železničnej doprave SR. Špeciálne podvozky a vývoj nového košového vozňa z Tatravagónky. Sprevádzaná a nesprevádzaná preprava kamiónov v rámci krajín EÚ. Syst...

ver descrição completa

Na minha lista:
Detalhes bibliográficos
Autor principal: Zverková, Daniela
Formato: Capítulo de Livro
Idioma:eslovaco
Assuntos:
Tags: Adicionar Tag
Sem tags, seja o primeiro a adicionar uma tag!

MARC

LEADER 00000naa a2200000 4500
001 r025241
005 20230921080633.5
041 0 |a slo 
044 |a SK 
245 1 0 |a Kombinovaná doprava na Slovensku dosiaľ v plienkach  |c D. Zverková 
520 |a Kombinácia cesta-železnica-voda - perspektíva medzinárodnej prepravy tovarov. Koncepcia rozvoja kombinovanej dopravy na Slovensku. Situácia v železničnej doprave SR. Špeciálne podvozky a vývoj nového košového vozňa z Tatravagónky. Sprevádzaná a nesprevádzaná preprava kamiónov v rámci krajín EÚ. Systémy Ro-La (pohyblivá cesta na železnici) a Ro-Ro(prepojenie na vodnú dopravu). Výhody a nevýhody systému Ro-Ro pre SR. 
610 2 0 |a doprava kombinovaná 
610 2 0 |a doprava cestná 
610 2 0 |a doprava železničná 
610 2 0 |a doprava vodná 
610 2 0 |a Slovensko 
610 2 0 |a Európska únia 
100 1 |a Zverková, Daniela